[Event "Wch U14"]
[Site "Al Ain"]
[Date "2013.12.28"]
[Round "11"]
[White "Pigeat, Alexandre"]
[Black "Visveshwar, A."]
[Result "1-0"]
[WhiteElo "2002"]
[BlackElo "1870"]
[PlyCount "113"]
[EventDate "2013.12.18"]
[EventType "swiss"]
[EventRounds "11"]
[EventCountry "UAE"]
[SourceTitle "CBM 158 Extra"]
[Source "ChessBase"]
[SourceDate "2014.02.28"]
[SourceVersion "1"]
[SourceVersionDate "2014.02.28"]
[SourceQuality "1"]

1. d4 Nf6 2. c4 e5 3. dxe5 Ng4 4. Nf3 Nc6 5. Bf4 Bb4+ 6. Nbd2 Qe7 7. a3 Ngxe5 8. Nxe5 Nxe5 9. e3 Bxd2+ 10. Qxd2 d6 11. Be2 0-0 12. Qc3 c5 13. Rd1 b6 14. 0-0 Bb7 15. Rd2 Rad8 16. Rfd1 f6 17. b4 Bc6 18. Bg3 Kh8 19. b5 Ba8 20. f3 Bb7 21. a4 Qc7 22. e4 Rfe8 23. Qc2 Nf7 24. Qc3 Rd7 25. Qe3 Rdd8 26. Qc3 Re7 27. Kf2 Red7 28. Ra1 Ng5 29. Kg1 Ne6 30. a5 Re7 31. axb6 axb6 32. Ra7 Nd4 33. Bd3 Qb8 34. Ra1 Rde8 35. Bf2 Ne6 36. Rad1 Rd8 37. Bb1 Red7 38. Qc2 g6 39. Qc3 Kg7 40. Bg3 Nd4 41. h4 h5 42. Bf2 Ne6 43. Qe3 Bc8 44. Rd5 Bb7 45. R5d2 Bc8 46. f4 Re7 47. Qg3 Nf8 48. f5 Bb7 49. Qf4 Re5 50. Be3 Kf7 51. Qh6 Bxe4 52. Bf4 Bxb1 53. Bxe5 Bxf5 54. Bxd6 Rxd6 55. Rxd6 Qe8 56. Qd2 Qe5 57. Re1 1-0

[Event "Wch U14"]
[Site "Al Ain"]
[Date "2013.12.26"]
[Round "9"]
[White "Puccini, Jack"]
[Black "Visveshwar, A."]
[Result "1/2-1/2"]
[WhiteElo "2073"]
[BlackElo "1870"]
[PlyCount "90"]
[EventDate "2013.12.18"]
[EventType "swiss"]
[EventRounds "11"]
[EventCountry "UAE"]
[SourceTitle "CBM 158 Extra"]
[Source "ChessBase"]
[SourceDate "2014.02.28"]
[SourceVersion "1"]
[SourceVersionDate "2014.02.28"]
[SourceQuality "1"]

1. c4 e5 2. g3 Nf6 3. Bg2 Bc5 4. Nc3 d6 5. d3 0-0 6. Nf3 c6 7. 0-0 Bf5 8. a3 a5 9. Rb1 Nbd7 10. b4 axb4 11. axb4 Bb6 12. Bg5 Qe7 13. Ne1 h6 14. Bxf6 Nxf6 15. Nc2 Rfd8 16. e3 d5 17. c5 Bc7 18. d4 Qd7 19. Rb2 e4 20. b5 Ba5 21. Ne2 Bc7 22. b6 Bb8 23. Nc3 Qe6 24. Rb1 Bh3 25. Qe2 Bg4 26. Qd2 Nh7 27. Ra1 Rxa1 28. Rxa1 Ng5 29. Ne1 Bh3 30. Qe2 Bxg2 31. Kxg2 Qh3+ 32. Kg1 Kh7 33. f4 exf3 34. Nxf3 Qg4 35. Nxg5+ Qxg5 36. Qf3 Re8 37. Re1 f5 38. Kf2 Rd8 39. Rf1 g6 40. Re1 Qf6 41. Ne2 Re8 42. Kg2 Qe7 43. Nc3 Qe6 44. Nd1 Qe7 45. Rf1 Kg7 1/2-1/2

[Event "Wch U14"]
[Site "Al Ain"]
[Date "2013.12.24"]
[Round "8"]
[White "Visveshwar, A."]
[Black "Spacek, Oliver"]
[Result "1/2-1/2"]
[WhiteElo "1870"]
[BlackElo "2041"]
[PlyCount "60"]
[EventDate "2013.12.18"]
[EventType "swiss"]
[EventRounds "11"]
[EventCountry "UAE"]
[SourceTitle "CBM 158 Extra"]
[Source "ChessBase"]
[SourceDate "2014.02.28"]
[SourceVersion "1"]
[SourceVersionDate "2014.02.28"]
[SourceQuality "1"]

1. e4 c5 2. f4 e6 3. Nf3 d5 4. Bb5+ Bd7 5. Bxd7+ Nxd7 6. exd5 exd5 7. 0-0 Bd6 8. Nc3 Ne7 9. d4 c4 10. Ne5 0-0 11. Qf3 Nb6 12. a4 f6 13. Ng4 a5 14. Ne3 Nc6 15. Nb5 Bb8 16. Qg4 f5 17. Qf3 Qd7 18. Bd2 Ne7 19. b3 Ra6 20. Rae1 Ba7 21. Kh1 cxb3 22. cxb3 Nbc8 23. Rc1 Bb6 24. Rc2 Bd8 25. Nc3 Rc6 26. Rfc1 Nb6 27. Nb5 Nbc8 28. Nc3 Nb6 29. Nb5 Nbc8 30. Nc3 Nb6 1/2-1/2

[Event "IND-ch U15 39th"]
[Site "Kolkata"]
[Date "2013.08.07"]
[Round "2"]
[White "Visveshwar, A."]
[Black "Ghosh, Diptayan"]
[Result "0-1"]
[WhiteElo "1822"]
[BlackElo "2473"]
[PlyCount "112"]
[EventDate "2013.08.06"]
[EventType "swiss"]
[EventRounds "11"]
[EventCountry "IND"]
[SourceTitle "CBM 155 Extra"]
[Source "ChessBase"]
[SourceDate "2013.08.26"]
[SourceVersion "1"]
[SourceVersionDate "2013.08.26"]
[SourceQuality "1"]

1. e4 e6 2. d4 d5 3. Nc3 Nf6 4. Bg5 dxe4 5. Nxe4 Be7 6. Bxf6 gxf6 7. Nf3 a6 8. Bd3 b5 9. Qe2 Bb7 10. c3 Nd7 11. 0-0 h5 12. Rad1 h4 13. Nc5 Bd5 14. c4 bxc4 15. Bxc4 Bxc4 16. Qxc4 Nb6 17. Qb3 Qd5 18. Qxd5 Nxd5 19. Rfe1 a5 20. a3 Rb8 21. Rd2 Rb5 22. Rc2 h3 23. g3 Bd6 24. Ne4 Kd7 25. Nfd2 Rhb8 26. Nc4 Be7 27. Rec1 Ke8 28. f4 f5 29. Ned2 c5 30. dxc5 Bxc5+ 31. Kf1 Be7 32. Nf3 Kf8 33. Nfe5 R8b7 34. Ke2 a4 35. Nd3 Kg7 36. Kd2 Nf6 37. Nf2 Rb8 38. Ke2 Bc5 39. Nd3 Bd4 40. Nb4 Bc5 41. Nd3 Ng4 42. Kf3 Rb3 43. Ke2 R3b5 44. Kf3 Be7 45. Rd1 Rd8 46. Rcd2 Rb3 47. Na5 Nxh2+ 48. Ke3 Ng4+ 49. Kf3 Rb6 50. Nc4 Rb5 51. Ne3 Nxe3 52. Kxe3 Rb3 53. Rh2 Bf6 54. Rhd2 Bxb2 55. Rxb2 Rdxd3+ 56. Rxd3 Rxb2 0-1

[Event "Raisoni Memorial op U15"]
[Site "Nagpur"]
[Date "2012.09.18"]
[Round "2"]
[White "Visveshwar, A."]
[Black "Pranav, Vijay"]
[Result "1-0"]
[WhiteElo "1702"]
[BlackElo "2123"]
[PlyCount "63"]
[EventDate "2012.09.17"]
[EventType "swiss"]
[EventRounds "11"]
[EventCountry "IND"]
[SourceTitle "CBM 150 Extra"]
[Source "ChessBase"]
[SourceDate "2012.10.19"]
[SourceVersion "1"]
[SourceVersionDate "2012.10.19"]
[SourceQuality "1"]

1. e4 c6 2. d4 d5 3. Nc3 dxe4 4. Nxe4 Bf5 5. Ng3 Bg6 6. Bc4 e6 7. N1e2 Bd6 8. f4 Ne7 9. 0-0 Qc7 10. Bd3 Nd7 11. c4 0-0-0 12. Be3 c5 13. Bxg6 hxg6 14. Ne4 Nf5 15. Nxd6+ Qxd6 16. Bf2 cxd4 17. Bxd4 Nc5 18. Bf2 Qc6 19. Qc2 Nd3 20. Nd4 Qe4 21. Nxf5 gxf5 22. Bxa7 Kc7 23. Bf2 Kc8 24. Ba7 g5 25. fxg5 Qh4 26. g3 Qxg5 27. Rad1 Nb4 28. Qf2 Rxd1 29. Rxd1 Nc6 30. Bb6 Qg4 31. Qd2 Qg8 32. Qd6 1-0